Beyan-ul-Quran (Vol-2) Urdu (Record no. 12817)
[ view plain ]
| 000 -LEADER | |
|---|---|
| fixed length control field | 00387nam a22001577a 4500 |
| 020 ## - INTERNATIONAL STANDARD BOOK NUMBER | |
| International Standard Book Number | - |
| 082 ## - DEWEY DECIMAL CLASSIFICATION NUMBER | |
| Classification number | 297.122 |
| 100 ## - MAIN ENTRY--PERSONAL NAME | |
| Personal name | Israr, Ahmed Dr. |
| 245 ## - TITLE STATEMENT | |
| Title | Beyan-ul-Quran (Vol-2) Urdu |
| 250 ## - EDITION STATEMENT | |
| Edition statement | Vol-2 |
| 260 ## - PUBLICATION, DISTRIBUTION, ETC. | |
| Place of publication, distribution, etc. | Peshawar |
| Name of publisher, distributor, etc. | Anjuman Khudam-ul-Quran |
| Date of publication, distribution, etc. | 2011 |
| 300 ## - PHYSICAL DESCRIPTION | |
| Extent | 321 p. |
| Other physical details | ill.; |
| 500 ## - GENERAL NOTE | |
| General note | Include index |
| 650 ## - SUBJECT ADDED ENTRY--TOPICAL TERM | |
| Topical term or geographic name entry element | 1. Handling and recitation of Holy Quraan |
| 942 ## - ADDED ENTRY ELEMENTS (KOHA) | |
| Koha item type | Book |
| Withdrawn status | Lost status | Damaged status | Not for loan | Collection code | Permanent Location | Current Location | Shelving location | Date acquired | Source of acquisition | Cost, normal purchase price | Total Checkouts | Total Renewals | Full call number | Barcode | Date last seen | Date last checked out | Price effective from | Koha item type |
|---|---|---|---|---|---|---|---|---|---|---|---|---|---|---|---|---|---|---|
| Central Library (CL) | Central Library (CL) | General Stacks | 04/02/2014 | Donation | 0.00 | 10 | 5 | 297.122 ISR | SEECSD01005 | 10/17/2024 | 08/12/2024 | 03/31/2014 | Book |
